Statistics for John Cena's Opponents at SummerSlam

Click here to take the quiz!

General Stats

  • This quiz has been taken 5 times
  • The average score is 11 of 16

Answer Stats

HintAnswer% Correct
SummerSlam 2004Booker T
100%
SummerSlam 2011CM Punk
100%
SummerSlam 2012CM Punk
100%
SummerSlam 2007Randy Orton
100%
SummerSlam 2009Randy Orton
100%
SummerSlam 2021Roman Reigns
100%
SummerSlam 2016AJ Styles
75%
SummerSlam 2008Batista
75%
SummerSlam 2014Brock Lesnar
75%
SummerSlam 2013Daniel Bryan
75%
SummerSlam 2005Chris Jericho
50%
SummerSlam 2006Edge
50%
SummerSlam 2015Seth Rollins
50%
SummerSlam 2017Baron Corbin
25%
SummerSlam 2012Big Show
25%
SummerSlamm 2010The Nexus
25%

Score Distribution

Percentile by Number Answered

Percent of People with Each Score

Your Score History

You have not taken this quiz